Stink and the ultimate thumb-wrestling smackdown / (Record no. 2369)

MARC details
000 -LEADER
fixed length control field 01305nam a22003617a 4500
005 - DATE AND TIME OF LATEST TRANSACTION
control field 20240701094453.0
020 ## - INTERNATIONAL STANDARD BOOK NUMBER
International Standard Book Number 9781469206233
020 ## - INTERNATIONAL STANDARD BOOK NUMBER
International Standard Book Number 9780575449373
020 ## - INTERNATIONAL STANDARD BOOK NUMBER
International Standard Book Number 1469206234
040 ## - CATALOGING SOURCE
Original cataloging agency BTCTA
Language of cataloging eng
Transcribing agency BTCTA
Modifying agency BDX
-- FSP
-- OCLCO
-- RECBX
-- OCLCO
-- TEF
-- DLC
050 00 - LIBRARY OF CONGRESS CALL NUMBER
Classification number PZ7.M478419
082 04 - DEWEY DECIMAL CLASSIFICATION NUMBER
Classification number 813.54
100 1# - MAIN ENTRY--PERSONAL NAME
Personal name McDonald, Megan
245 10 - TITLE STATEMENT
Title Stink and the ultimate thumb-wrestling smackdown /
Statement of responsibility, etc. Megan McDonald. illustrated by Peter H. Reynolds
250 ## - EDITION STATEMENT
Edition statement First Scholastic printing, January 2012
260 ## - PUBLICATION, DISTRIBUTION, ETC.
Place of publication, distribution, etc. New York :
Name of publisher, distributor, etc. Scholastic,
Date of publication, distribution, etc. 2011
300 ## - PHYSICAL DESCRIPTION
Extent 128 pages :
Other physical details illustrations ;
Dimensions 20 cm
490 0# - SERIES STATEMENT
Series statement Stink ;
Volume/sequential designation Book 6
490 0# - SERIES STATEMENT
Series statement Candlewick on BrillianceAudio
505 ## - FORMATTED CONTENTS NOTE
Formatted contents note H
520 ## - SUMMARY, ETC.
Summary, etc. After second-grader Stink gets an unsatisfactory grade in physical education his parents tell him he must play a sport, and so he masters thumb wrestling, as seen on a sports channel.
521 ## - TARGET AUDIENCE NOTE
Target audience note 500 <br/>
Source Lexile<br/>
521 ## - TARGET AUDIENCE NOTE
Target audience note H <br/>
Source Raz-Plus<br/>
650 #0 - SUBJECT ADDED ENTRY--TOPICAL TERM
Topical term or geographic name entry element Schools
Form subdivision Juvenile fiction.
650 #0 - SUBJECT ADDED ENTRY--TOPICAL TERM
Topical term or geographic name entry element Families
Form subdivision Juvenile fiction.
650 #1 - SUBJECT ADDED ENTRY--TOPICAL TERM
Topical term or geographic name entry element Sports
Form subdivision Fiction.
650 #1 - SUBJECT ADDED ENTRY--TOPICAL TERM
Topical term or geographic name entry element Schools
Form subdivision Fiction.
650 #1 - SUBJECT ADDED ENTRY--TOPICAL TERM
Topical term or geographic name entry element Family life
Form subdivision Fiction.
700 ## - ADDED ENTRY--PERSONAL NAME
Personal name Reynolds, Peter H.
Relator term illustrator
906 ## - LOCAL DATA ELEMENT F, LDF (RLIN)
a 7
b cbc
c copycat
d 2
e ncip
f 20
g y-soundrec
942 ## - ADDED ENTRY ELEMENTS (KOHA)
Source of classification or shelving scheme Dewey Decimal Classification
Koha item type Books
Suppress in OPAC No
999 ## -
-- 2369
-- 2369
Holdings
Withdrawn status Lost status Source of classification or shelving scheme Damaged status Not for loan Collection Home library Current library Shelving location Date acquired Total Checkouts Full call number Barcode Date last seen Copy number Price effective from Koha item type Date last checked out
    Dewey Decimal Classification     Juvenile Fiction Footprints International School Library Network Toul Kork Campus Footprints International School Library Network Toul Kork Campus TK Primary Library Room(4th Floor), Bookcase 1&2, Shelves 1-16, Dark Blue Books 07/01/2024   MCD 813.54 PZ7.M478419 FISTK00397 11/20/2023 1 07/01/2024 Books  
    Dewey Decimal Classification     Juvenile Fiction Footprints International School Library Network Toul Kork Campus Footprints International School Library Network Toul Tom Poung Campus TK Primary Library Room(4th Floor), Bookcase 1&2, Shelves 1-16, Dark Blue Books 06/12/2024 1 MCD 813.54 SDC 37479 2024-0876 12/08/2025 2 06/12/2024 Books 12/08/2025